| 000 | 00664cam a22002294a 4500 | ||
|---|---|---|---|
| 001 | 11985527 | ||
| 005 | 20180814045924.0 | ||
| 008 | 000425s2000 nyua 001 0 eng | ||
| 010 | _a 00031251 | ||
| 020 | _a0764113585 (pbk.) | ||
| 040 |
_aDLC _cDLC _dDLC |
||
| 041 | _aeng | ||
| 042 | _apcc | ||
| 080 | _a570 EDW | ||
| 082 | 0 | 0 |
_a570 EDW _221 |
| 100 | 1 | _a11 | |
| 101 | _aBIO | ||
| 245 | 1 | 0 |
_aBiology the easy way / _cGabrielle I. Edwards. |
| 906 |
_a7 _bcbc _corignew _d1 _eocip _f20 _gy-gencatlg |
||
| 942 |
_2ddc _cBK |
||
| 999 |
_c47096 _d47096 |
||